00435nam a2200169Ia 4500008004100000082003200041100002100073245002600094250001800120260001100138260002800149260000900177300001000186500004300196650001300239650001300252260312s9999 xx 000 0 und d a 331.09 B273h 1971 HNA aBarret. Francois 0aHistoria del trabajo. a4a. edición aEUDEBA bBuenos Aires, Argentina c1971 a180p. aColección Humberto Nogueira Alcalá aHistoria aTrabajo